00823nam a2200193Ia 4500008004100000020001500041050002000056100003900076245010300115250000600218260005200224300002000276500004200296504006500338650001900403700009300422952009700515999001700612120720s9999 xx 000 0 und d a9682460239 aLB1059 A53 2000 aAlmaguer Salazar, Teresa Ernestina aEl desarrollo del alumno : características y estilos de aprendizaje / Teresa E. Almaguer Salazar a2 aMéxico : Trillas : ITESM, Universidad Virtual a144 p. ; 24 cm. aPublicada en diferentes reimpresiones aIncluye referencias Bibliográficas (p. 139-140) e índice a1. Aprendizaje aInstituto Tecnológico y de Estudios Superiores de Monterrey. Universidad VirtualÌÌ 00104070a03b03d2001-05-15l0oLB1059 A53 2000p03 005410r2012-07-20t1w2012-07-20yLB c80799d80799